Lingüística estructural.
Uloženo v:
| Hlavní autor: | |
|---|---|
| Médium: | Kniha |
| Jazyk: | španělština |
| Vydáno: |
Madrid, España:
Gredos,
1974.
|
| Vydání: | Segunda edición revisada y aumentada. |
| Edice: | Biblioteca Románica Hispánica III. Manuales
|
| Témata: | |
| Tagy: |
Přidat tag
Žádné tagy, Buďte první, kdo vytvoří štítek k tomuto záznamu!
|
MARC
| LEADER | 00000nam a2200000 a 4500 | ||
|---|---|---|---|
| 001 | UCO9475 | ||
| 003 | CL-VaPUC | ||
| 005 | 20220822114450.0 | ||
| 008 | 010302e19740000SP |||||||||||||||||spa|d | ||
| 999 | |c 435756 |d 435754 | ||
| 020 | |a 84-249-1165-2 (o.c. rústica) | ||
| 020 | |a 84-249-1169-5 (v.II. rústica) | ||
| 040 | |c Pontificia Universidad Católica de Valparaíso | ||
| 082 | 0 | 4 | |a 410 ROD 1974 |2 21 |
| 100 | 0 | |a Rodríguez Adrados, Francisco |e autor |9 454658 | |
| 245 | 1 | 0 | |a Lingüística estructural. |
| 250 | |a Segunda edición revisada y aumentada. | ||
| 260 | |a Madrid, España: |b Gredos, |c 1974. | ||
| 300 | |a 2 volúmenes | ||
| 490 | 0 | |a Biblioteca Románica Hispánica III. Manuales | |
| 500 | |a c.1. t.II. Donación Familia Prof. Alejandro Guzmán Brito. | ||
| 583 | |a last modification |c 20010302 00:00:00 |k Cristina María Rojas Aguilar | ||
| 650 | 0 | |a Lingüística |9 265068 | |
| 650 | 7 | |a Lingüística estructural |2 CL-VaPUC |9 269255 | |
| 650 | 0 | |a Gramática |9 270497 | |
| 650 | 0 | |a Semántica |9 265318 | |
| 650 | 0 | |a Fonología diacrónica |9 469158 | |
| 942 | |c BK |2 ddc |n 0 | ||
| 952 | |0 0 |1 0 |2 ddc |4 0 |6 410_000000000000000_ROD_1974 |7 0 |8 C_AGB |9 583354 |a BIBDER |b BIBDER |d 2022-06-02 |e Donación |h t.II |i 5651487 |o 410 ROD 1974 |p 5651487 |r 2023-01-25 |t 1 |w 2022-06-02 |y BK_US |k AGB | ||